[Event "Sachsen-Anhalt-ch op"]
[Site "Magdeburg"]
[Date "2021.10.30"]
[Round "5"]
[White "Schoenherr, Stijn"]
[Black "Pearce, Tom"]
[Result "1/2-1/2"]
[WhiteElo "1181"]
[BlackElo "919"]
[PlyCount "55"]
[EventDate "2021.10.28"]
[EventType "swiss"]
[EventRounds "7"]
[EventCountry "GER"]
[SourceTitle "CBM 205 Extra"]
[Source "ChessBase"]
[SourceDate "2022.01.31"]
[SourceVersion "1"]
[SourceVersionDate "2022.01.31"]
[SourceQuality "1"]

1. e4 e5 2. Nf3 Nc6 3. Bc4 Bc5 4. c3 Nf6 5. d3 d5 6. Bb5 dxe4 7. Nxe5 Bd7 8. Bxc6 Bxc6 9. 0-0 exd3 10. Re1 0-0 11. Nxd3 Bb6 12. a4 Qd5 13. Nf4 Qc5 14. Be3 Qf5 15. c4 Ba5 16. Rf1 Qg5 17. Nd5 Qh4 18. Ne7+ Kh8 19. Nxc6 bxc6 20. c5 Rad8 21. Qf3 Nd5 22. Bd4 Qxd4 23. Rd1 Qxb2 24. Na3 Qc3 25. Qf5 Qxc5 26. Rac1 Qd6 27. Nc4 Qc5 28. Ne5 1/2-1/2

[Event "Winnipeg TNT April op"]
[Site "Winnipeg"]
[Date "2011.04.19"]
[Round "3"]
[White "Wolchock, Theo"]
[Black "Pearce, Tom"]
[Result "1-0"]
[WhiteElo "1619"]
[BlackElo "1753"]
[PlyCount "53"]
[EventDate "2011.04.05"]
[EventType "swiss"]
[EventRounds "4"]
[EventCountry "CAN"]
[SourceTitle "EXT 2022"]
[Source "ChessBase"]
[SourceDate "2021.10.06"]
[SourceVersion "1"]
[SourceVersionDate "2021.10.06"]
[SourceQuality "1"]

1. e4 c5 2. Nf3 e6 3. Nc3 Nc6 4. d3 a6 5. a4 d6 6. Be2 Be7 7. Be3 Nf6 8. 0-0 Bd7 9. d4 Rc8 10. h3 Qb6 11. Qd2 0-0 12. e5 Nd5 13. Nxd5 exd5 14. a5 Qd8 15. exd6 Bxd6 16. dxc5 Be7 17. Qxd5 h6 18. Qh5 Kh7 19. Bd3+ f5 20. Rad1 Qe8 21. Qxe8 Bxe8 22. Rfe1 Nb4 23. Bxh6 Kxh6 24. Rxe7 Nxd3 25. Rxd3 Rxc5 26. Rd6+ g6 27. Rd8 1-0